Movies Quiz

Random Movies or Quote Quiz

Finish the Movie Quote III Quiz Stats

 Plays Quiz Updated Jul 10, 2018

Challenge
Share
Tweet
Embed
Score 0/16 Timer 07:00
1 Play Today
Quote Line % Correct
Houston...we have a problem.
86.8%
Keep your friends close...but your enemies closer.
74.7%
Mama always said life was like a box of chocolates...you never know what you're gonna get.
68.3%
A spoonful of sugar...helps the medicine go down.
65%
I love the smell of...napalm in the morning.
60.9%
A census taker once tried to test me. I ate his liver with some Fava beans...and a nice Chianti.
44.8%
Love means...never having to say you're sorry.
40.1%
I have nipples, Greg...could you milk me?
33.6%
Quote Line % Correct
One Ring to rule them, One Ring to find them, One Ring to bring them all...and in the darkness bind them.
29.8%
Just when I thought you couldn't possibly be any dumber, you go and do something like this...and totally redeem yourself!
26.5%
If I'm not back in five minutes...just wait longer!
23.7%
You've got to ask yourself one question...do I feel lucky? Well, do ya, punk?
19.4%
What we do in life...echoes in eternity.
16%
Every man dies...not every man really lives.
14.4%
I gave her my heart...she gave me a pen.
12.2%
Listen to them. Children of the night...what music they make.
4.8%

You're not logged in!

Compare scores with friends on all Sporcle quizzes.
OR
Log In

You Might Also Like...

Show Comments

Extras

Top Quizzes Today


Score Distribution

Your Account Isn't Verified!

In order to create a playlist on Sporcle, you need to verify the email address you used during registration. Go to your Sporcle Settings to finish the process.

Report this User

Report this user for behavior that violates our Community Guidelines.

Details: